HAND BOOK OF LOCAL ANESTHESIA (Record no. 4524)
[ view plain ]
| 000 -LEADER | |
|---|---|
| fixed length control field | 00350nam a2200145Ia 4500 |
| 008 - FIXED-LENGTH DATA ELEMENTS--GENERAL INFORMATION | |
| fixed length control field | 150201s2010 xx 000 0 und d |
| 082 ## - DEWEY DECIMAL CLASSIFICATION NUMBER | |
| Classification number | 617.525 |
| Item number | L2010M |
| 100 ## - MAIN ENTRY--PERSONAL NAME | |
| Personal name | MALAMED,S.F. |
| 245 ## - TITLE STATEMENT | |
| Title | HAND BOOK OF LOCAL ANESTHESIA |
| 250 ## - EDITION STATEMENT | |
| Edition statement | 5TH |
| 260 ## - PUBLICATION, DISTRIBUTION, ETC. (IMPRINT) | |
| Name of publisher, distributor, etc. | ELSEVIER |
| Place of publication, distribution, etc. | DELHI |
| Date of publication, distribution, etc. | 2010 |
| 300 ## - PHYSICAL DESCRIPTION | |
| Extent | 1-400 |
| 650 ## - SUBJECT ADDED ENTRY--TOPICAL TERM | |
| Topical term or geographic name as entry element | ORAL SURGERY |
| 942 ## - ADDED ENTRY ELEMENTS (KOHA) | |
| Source of classification or shelving scheme | Dewey Decimal Classification |
| Koha item type | Books |
| Koha issues (borrowed), all copies | 31 |
| Withdrawn status | Lost status | Source of classification or shelving scheme | Damaged status | Not for loan | Home library | Current library | Date acquired | Source of acquisition | Cost, normal purchase price | Serial Enumeration / chronology | SGTU | Bill Number | Total Checkouts | Full call number | Barcode | Date last seen | Date last checked out | Bill Date | Koha item type |
|---|---|---|---|---|---|---|---|---|---|---|---|---|---|---|---|---|---|---|---|
| weeded-out | Dewey Decimal Classification | SGT Dental Library | SGT Dental Library | 29/10/2010 | U.B.S.DELHI | 745.00 | 1 | SGTU | 620 | 25 | 617.525 L2010M | FD6221 | 16/01/2021 | 19/12/2020 | 01/04/2013 | Books | |||
| Dewey Decimal Classification | SGT Dental Library | SGT Dental Library | 29/10/2010 | U.B.S.DELHI | 745.00 | 1 | SGTU | 620 | 28 | 617.525 L2010M | FD6222 | 07/06/2024 | 07/06/2024 | 01/04/2013 | Books | ||||
| Dewey Decimal Classification | SGT Dental Library | SGT Dental Library | 29/10/2010 | U.B.S.DELHI | 745.00 | 1 | SGTU | 620 | 10 | 617.525 L2010M | FD6223 | 07/06/2024 | 07/06/2024 | 01/04/2013 | Books | ||||
| Dewey Decimal Classification | SGT Dental Library | SGT Dental Library | 29/10/2010 | U.B.S.DELHI | 745.00 | 1 | SGTU | 620 | 35 | 617.525 L2010M | FD6224 | 27/05/2022 | 24/05/2022 | 01/04/2013 | Books | ||||
| Dewey Decimal Classification | SGT Dental Library | SGT Dental Library | 29/10/2010 | U.B.S.DELHI | 745.00 | 1 | SGTU | 620 | 28 | 617.525 L2010M | FD6225 | 24/04/2023 | 07/04/2023 | 01/04/2013 | Books |